Statistics for Name 67 Kpop Groups

Click here to take the quiz!

General Stats

  • This quiz has been taken 534 times
  • The average score is 36 of 67

Answer Stats

1st letterAnswer% Correct
BBTS
99%
BBLACKPINK
95%
TTWICE
92%
TTXT
87%
EEXO
84%
SStray Kids
83%
EENHYPEN
80%
MMAMAMOO
79%
RRed Velvet
77%
BBIGBANG
76%
SSEVENTEEN
76%
G(G)I-DLE
75%
GGirls' Generation
75%
IITZY
75%
22NE1
73%
AATEEZ
69%
Aaespa
68%
IIVE
68%
22PM
65%
BBTOB
64%
GGOT7
64%
SSHINee
62%
EEVERGLOW
61%
MMONSTA X
61%
NNCT 127
61%
NNCT DREAM
61%
IIZ*ONE
60%
SSUPER JUNIOR
60%
IiKON
59%
TTREASURE
59%
WWINNER
58%
GGFRIEND
57%
NNMIXX
57%
KKep1er
53%
AApink
52%
LLOONA
52%
NNCT U
52%
WWanna One
52%
AASTRO
50%
CCLC
49%
KKARD
48%
WWAYV
48%
TTHE BOYZ
47%
AAOA
46%
PPENTAGON
46%
DDreamcatcher
45%
SSTAYC
44%
DDAY6
43%
OONEUS
43%
XXdinary Heroes
41%
CCRAVITY
37%
NNU'EST
35%
SSuperM
35%
OOH MY GIRL
34%
WWeeekly
34%
CCIX
30%
Mmiss A
30%
TTVXQ!
29%
SSF9
27%
AAB6IX
26%
VVICTON
22%
BBrave Girls
19%
GGolden Child
16%
HHIGHLIGHT
15%
WWEi
14%
MMCND
13%
KKNK
11%

Score Distribution

Percentile by Number Answered

Percent of People with Each Score

Your Score History

You have not taken this quiz